| 000 | 01119cam a22001814a 4500 | ||
|---|---|---|---|
| 005 | 20250605164349.0 | ||
| 008 | 250528s ||||||||||||||||||||||||d | ||
| 035 | _a24061 | ||
| 040 |
_aGR-AtMCL _bgre _dGR-AtMCL _eAACR2 |
||
| 245 | 1 | _aΠροοπτικές της Ελληνικής Οικονομίας για το 2021 | |
| 260 |
_bΕμπορικό Και Βιομηχανικό Επιμελητήριο Αθηνών, _c2021 |
||
| 300 | _a62 | ||
| 520 | _aΤο Ε.Β.Ε.Α. Στηρίζει τις Ηλεκτρονικές Πωλήσεις των Επιχειρήσεων , Η Μάχη της Εικόνας στις Διεθνείς Οικονομικές Σχέσεις, Προοπτικές Ελληνικής Οικονομίας για το 2021, Το Πρόγραμμα των Αποκρατικοποιήσεων για το 2021, Τουρισμός: Συγκρατημένη Αισιοδοξία για το 2021, Οι Εξελίγεις στον Τομέα της Ενέργειας. | ||
| 700 | 1 |
_aΜίχαλος Κωνσταντίνος _94319 |
|
| 942 | _cCR | ||
| 999 |
_c8961 _d8961 |
||